<?xml version="1.0" encoding="UTF-8"?>
<record
    xmlns:xsi="http://www.w3.org/2001/XMLSchema-instance"
    xsi:schemaLocation="http://www.loc.gov/MARC21/slim http://www.loc.gov/standards/marcxml/schema/MARC21slim.xsd"
    xmlns="http://www.loc.gov/MARC21/slim">

  <leader>00910nam a22002297a 4500</leader>
  <controlfield tag="005">20250724142121.0</controlfield>
  <controlfield tag="008">250723b        |||||||| |||| 00| 0 eng d</controlfield>
  <datafield tag="020" ind1=" " ind2=" ">
    <subfield code="a">9789392116674</subfield>
  </datafield>
  <datafield tag="040" ind1=" " ind2=" ">
    <subfield code="c">AL</subfield>
  </datafield>
  <datafield tag="041" ind1=" " ind2=" ">
    <subfield code="a">kan</subfield>
  </datafield>
  <datafield tag="082" ind1=" " ind2=" ">
    <subfield code="a">K894.8</subfield>
    <subfield code="b">VAMB</subfield>
  </datafield>
  <datafield tag="100" ind1=" " ind2=" ">
    <subfield code="a">Vamana Nandavara</subfield>
    <subfield code="9">219934</subfield>
  </datafield>
  <datafield tag="100" ind1=" " ind2=" ">
    <subfield code="d">&#xCB5;&#xCBE;&#xCAE;&#xCA8; &#xCA8;&#xC82;&#xCA6;&#xCBE;&#xCB5;&#xCB0; </subfield>
    <subfield code="9">219787</subfield>
  </datafield>
  <datafield tag="245" ind1=" " ind2=" ">
    <subfield code="a">Bokkkasa</subfield>
    <subfield code="b">: &#xCAC;&#xCCA;&#xC95;&#xCCD;&#xC95;&#xCB8; </subfield>
  </datafield>
  <datafield tag="260" ind1=" " ind2=" ">
    <subfield code="a">Mangaluru</subfield>
    <subfield code="b">Aakrati Ashaya Publications</subfield>
    <subfield code="c">2025</subfield>
  </datafield>
  <datafield tag="300" ind1=" " ind2=" ">
    <subfield code="a">285p.</subfield>
    <subfield code="b">PB</subfield>
    <subfield code="c">21.5x14cm</subfield>
  </datafield>
  <datafield tag="365" ind1=" " ind2=" ">
    <subfield code="2">Kannada</subfield>
    <subfield code="a">668</subfield>
    <subfield code="b">&#x20B9;292.50</subfield>
    <subfield code="c">&#x20B9;</subfield>
    <subfield code="d">&#x20B9;325.00</subfield>
    <subfield code="e">10%</subfield>
    <subfield code="f">10-07-2025</subfield>
  </datafield>
  <datafield tag="440" ind1=" " ind2=" ">
    <subfield code="a">Samagra samputa ; 1</subfield>
    <subfield code="9">219788</subfield>
  </datafield>
  <datafield tag="520" ind1=" " ind2=" ">
    <subfield code="a"> &#xC9C;&#xCBE;&#xCA8;&#xCAA;&#xCA6;  &#xCB6;&#xCBF;&#xC95;&#xCCD;&#xCB7;&#xCA3; &#xCB8;&#xCBE;&#xCB9;&#xCBF;&#xCA4;&#xCCD;&#xCAF; &#xCB5;&#xCBF;&#xC9C;&#xCCD;&#xC9E;&#xCBE;&#xCA8; &#xCAA;&#xCA4;&#xCCD;&#xCB0;&#xCBF;&#xC95;&#xCCB;&#xCA6;&#xCCD;&#xCAF;&#xCAE;&#xC97;&#xCB3; &#xCB2;&#xCC7;&#xC96;&#xCA8;&#xC97;&#xCB3;&#xCC1; 
A collection of writings on Folklore,Education,Literature,Science and Journalism</subfield>
  </datafield>
  <datafield tag="650" ind1=" " ind2=" ">
    <subfield code="a">Kannada Miscellaneous</subfield>
    <subfield code="9">219900</subfield>
  </datafield>
  <datafield tag="942" ind1=" " ind2=" ">
    <subfield code="2">ddc</subfield>
    <subfield code="c">BK</subfield>
  </datafield>
  <datafield tag="999" ind1=" " ind2=" ">
    <subfield code="c">234657</subfield>
    <subfield code="d">234657</subfield>
  </datafield>
  <datafield tag="952" ind1=" " ind2=" ">
    <subfield code="0">0</subfield>
    <subfield code="1">0</subfield>
    <subfield code="2">ddc</subfield>
    <subfield code="4">0</subfield>
    <subfield code="7">0</subfield>
    <subfield code="8">KAN</subfield>
    <subfield code="a">AL</subfield>
    <subfield code="b">AL</subfield>
    <subfield code="c">SK</subfield>
    <subfield code="d">2025-07-21</subfield>
    <subfield code="e">Aakrithi Aashaya Publications, Mangaluru-575001</subfield>
    <subfield code="g">292.50</subfield>
    <subfield code="l">0</subfield>
    <subfield code="o">K894.8 VAMB</subfield>
    <subfield code="p">077752</subfield>
    <subfield code="r">2025-07-23 11:53:30</subfield>
    <subfield code="v">325.00</subfield>
    <subfield code="w">2025-07-23</subfield>
    <subfield code="y">BK</subfield>
  </datafield>
</record>
